000 01297cam a2200253 4500
001 WB@3612-125
008 041020n2004 000 0 eng u
035 _a(Sirsi) u127777
245 _aCommercial development activity
260 _c2004
490 _aFPD Savills Research
_vOctober 2004 (1)
520 _aThe key findings of the latest FPDSavills survey, "Commercial development activity PMI" are that total commercial activity showed a further marked improvement in September 2004. However the rate of overall expansion eased for the second successive month, primarily as a result of slower growth in private sector activity whereas public sector activity rose again for the third month. Private sector retail and leisure activity was the top performing area of commercial development, followed by private sector new build activity. For more details go to the website. http://www.fpdsavills.co.uk/default.aspx
590 _aWB
590 _aWB
650 _aCOMMERCIAL DEVELOPMENT
650 _aPRIVATE SECTOR DEVELOPMENT
650 _aNEW BUILD
650 _aINDUSTRIAL MARKET
650 _aOFFICE MARKET
650 _aPROPERTY-COMMERCIAL PROPERTY-RETAIL PROPERTY-RETAIL PROPERTY MARKET
650 _aLEISURE MARKET
690 _aCOMMERCIAL PROPERTY
_96227
942 _n0
999 _c118201
_d118201